Dead By Daylight | Killer Perks by Picture - Statistics

General Stats
  • This quiz has been taken 581 times
    526 since last reset
  • The average score is 10 of 16
Answer Stats
Picture Hint Answer % Correct
Bamboozle
100%
“This is my world. And you can't ever leave.” -Freddy Krueger Blood Warden
100%
Insidious
100%
Unlike other beasts of The Fog, you have adapted to light. Lightborn
100%
Mad Grit
100%
“You've fooled them, haven't you Michael? But not me.” -Dr. Sam Loomis Play With Your Food
100%
Pop Goes The Weasel
100%
Shadowborn
100%
“Still attached to the fragments of her past life, she is drawn to those in need of help.” A Nurse's Calling
91%
"Sometimes a man's best work is what puts him in the grave." -The prison warden Gearhead
91%
Hex: No One Escapes Death
90%
Sloppy Butcher
90%
The NE-α parasite provides you with the intelligence and awareness needed to set a trap. Eruption
89%
"At some point, the excitement of hooking one of us becomes more important than the desire to kill us." Agitation
88%
"Smartasses get killed. We always see to that." -The Legion Discordance
88%
You know how to brutalize one member of a team to cause a panic. Hysteria
88%
Iron Grasp
87%
Spirit Fury
87%
“Surprise! Did you miss me, Andy?” – Chucky Batteries Included
86%
As the end nears, you go in for the kill. Coup De Grace
86%
Deerstalker
85%
Free from your shackles, you are born anew and prepared to eliminate your creators. Machine Learning
85%
Hex: Ruin
83%
“There is no need to worry. I've been preparing my whole life for this." –The Ghost Face I'm All Ears
83%
"...it knows what it wants and won't stop till it gets it." -Carlos Oliveira Lethal Pursuer
83%
“You don't remember? You must. You're my number one, and you'll never wake up again.” -Freddy Krueger Remember Me
83%
"Enjoy this moment, few get so close." — Ji-Woon Hak Starstruck
83%
The display of your powers creates a whirlwind of panic that spreads throughout the land. Dark Devotion
82%
You induce mental suffering by crushing any hope of escape. Deadlock
82%
You're not going to let just anyone into the VIP room. No Way Out
82%
Your horrifying emanation strikes at a supernaturally long distance. Distressing
81%
"Sally, I hear something. Stop! Stop!" -Franklin Franklin's Demise
81%
"You have made a grave mistake, standing in opposition to me this day." - Tarhos Kovács Hubris
80%
Overcharge
80%
“All those who stood in her path feared her mighty THWACK!” –Sonhadores Sombrios, Issue #3 THWACK!
80%
Your great strength allows you to shred through your prey's defenses. Brutal Strength
79%
Septic Touch
79%
Hex: Haunted Ground
78%
Iron Maiden
78%
"This isn't a man..." -Dr.Sam Loomis Dying Light
77%
"The Hillbilly makes impressive tools out of scraps. Tools aimed at maiming us in creative ways..." -Notebook Tinkerer
76%
Hex: Devour Hope
75%
"I've seen the look on a man's face when he realizes he's going to die." -Caleb Quinn Dead Man's Switch
73%
Hex: Huntress Lullaby
73%
Decades of research have culminated in you: something faster, stronger, and more dangerous than any human. Superior Anatomy
73%
"I heard it. Running. It was getting closer!” - Anonymous Testimony, 09/09/1979 Unbound
73%
Unnerving Presence
73%
“THE ORGANIC BODY IS SO LIMITED.” –HUX-A7-13 Genetic Limits
71%
You reveal the true power of the Totems, hidden within their remains. Hex: Pentimento
71%
"We came. Now you must come with us. Taste our pleasures." -Pinhead Hex: Plaything
71%
"Death has come to your little town, sheriff." -Dr. Sam Loomis Save The Best For Last
71%
"You'd be surprised what tools can save a life." -Amanda Young Make Your Choice
70%
"Out with you, cowards! Show yourselves!" - Tarhos Kovács Nowhere To Hide
70%
Oppression
70%
"The night assists me and it's endless here." –The Ghost Face Thrilling Tremors
70%
Your prayers invoke a dark power that meddles with the Survivors' chances of survival. Corrupt Intervention
69%
Dragon's Grip
69%
"You have no control. People like you never did." — Ji-Woon Hak Hex: Crowd Control
69%
Your horrible trauma is felt by everyone. Merciless Storm
69%
Unrelenting
69%
Everything turns to dust. It is as inescapable as the coming of the night. Dissolution
67%
"He stops at nothing." Enduring
67%
The increased pressure of losing your prey fills you with anger and gives you unsuspected motivation. Fire Up
67%
Nemesis
67%
Stridor
67%
"I shall make an example of one. These mewling worms will never know peace."- Tarhos Kovács Hex: Face The Darkness
64%
Hex: Undying
64%
You form a psychic connection with The Entity and alter the rules of the trial. Scourge Hook: Floods of Rage
64%
Whispers
64%
"Go on. Run. Tell your friends I'm coming for them." -Portia Maye All-shaking Thunder
63%
Even those without a fear of clowns know to be terrified of you. Coulrophobia
63%
"Are you gonna behave?" -Amanda Young Surveillance
63%
Your psychic abilities influence technology in devastating ways. Call of Brine
62%
Hex: Blood Favor
62%
You move with a speed and fury that makes blood run cold. Rapid Brutality
62%
Spies From The Shadows
62%
Thanatophobia
62%
Hex: Thrill of the Hunt
61%
Infectious Fright
61%
Monitor & Abuse
60%
Hope is the delusion that keeps its victims alive. Undone
60%
Grim Embrace
58%
“Submit to me. It is inevitable.” -Vecna Languid Touch
58%
“From now on, no more Mr. Good Guy.” -Chucky Hex: Two Can Play
57%
"You have no idea what I have planned for you. It'll be in the news for weeks: I'll make sure of it." –The Ghost Face Furtive Chase
56%
Mindbreaker
56%
Predator
56%
Rancor
54%
You are so stealthy, sometimes it seems like you appear out of nowhere. Alien Instinct
50%
Your genes have been altered to heighten your senses in intense situations. Awakened Awareness
50%
You have learned the emotional weaknesses of the organics, and how to exploit them. Forced Hesitation
50%
Hoarder
50%
Scourge Hook: Monstrous Shrine
50%
You are a brilliant tactician who prepares for every eventuality. Terminus
50%
You guide your victims along a path of pain and punishment. Trail of Torment
50%
Like a hunting scent hound, you smell traces of blood at a great distance. Bloodhound
47%
"Tragic, is it not? How powerless you must feel." - Dracula Dominance
46%
"Oh, that gun's no good. The old way… with a sledge! You see, that way's better. They die better that way." -Nubbins Sawyer Knock Out
46%
Kick your competitors when they're down. Never let them regain lost ground. Leverage
46%
Your lust for a kill is so intense that your connection with The Entity is momentarily lost, making you totally unpredictable. Beast Of Prey
45%
"Stay in the light, my children. In darkness, your fear will expose you." –Otto Stamper Darkness Revealed
45%
You know better than anyone that the light at the end of the tunnel is only an illusion. None Are Free
45%
Territorial Imperative
45%
"You tried to devour me so you have no room to complain if I eat you, do you?" -Ken Kaneki Forever Entwined
44%
Your ties to the otherworldly manifest when your prey attempts to get away. Cruel Limits
43%
Your ingenious modifications to hooks alert you of tampering. Scourge Hook: Hangman's Trick
43%
Terror takes many forms and whispers devastating lies in its victims' ears. Unforeseen
43%
“No number of novelties will protect you from me!” -Vecna Weave Attunement
43%
“Attack an enemy with precision and their allies will feel it.” -Renjiro's Doctrine 6:3 Blood Echo
42%
Overwhelming Presence
42%
Scourge Hook: Pain Resonance
42%
"I got some fresh meat lined up, and I'm not gonna let you spoil it, not this time!" -Chucky Friends 'Til The End
40%
“I can't lie to you about your chances, but... you have my sympathies.” –Ash Ultimate Weapon
40%
Those whose lives are intertwined in darkness are destined to suffer together. Deathbound
37%
Those who stand in the way of duty will suffer harsh judgment. Forced Penance
36%
"Come running, one and all, and see what fortune awaits you." - Dracula Human Greed
36%
Shattered Hope
36%
First you pick your prey. Then you pick it apart. Game Afoot
35%
"I just can't take no pleasure in killing. There's just some things you gotta do. Don't mean you have to like it." -Drayton Sawyer Barbecue & Chili
29%
"So toil, mortal, toil! Your effort will be for naught!" - Dracula Hex: Wretched Fate
29%
Bitter Murmur
27%
Hex: The Third Seal
25%
Zanshin Tactics
22%
"We'll tear your soul apart." -Pinhead Scourge Hook: Gift of Pain
21%
“Run all you want. I will not be denied.” -Vecna Dark Arrogance
17%
"Bloody fool, you pulled the trigger on yourself." -Caleb Quinn Hex: Retribution
17%
Scourge Hook: Jagged Compass
14%
No Quarter
9%
"All of the liabilities of this world are due to the inadequacies of the person involved." -Ken Kaneki Hex: Nothing But Misery
8%
No matching quizzes found
Score Distribution
Percent of People with Each Score
Percentile by Number Answered
Your Score History
You have not taken this quiz since the last reset